Ancient History Knowledge #1 - Statistics

General Stats
  • This quiz has been taken 615 times
    588 since last reset
  • The average score is 8 of 15
Answer Stats
Hint Answer % Correct
Who was the Greek god of the sea? Poseidon
89%
Who Fiddled as Rome burned? Nero
86%
Which King of Macedonia 'cut the Gordian knot'? Alexander the Great
83%
What is name of the city at the mouth of the Nile, named after the answer the Question 1? Alexandria
80%
Which structure lies on the Athenean Acropolis? Parthenon
77%
The Carthaginian Capital lies in which modern day country? Tunisia
75%
Who was the famous Hunnic leader who sacked Rome? Attila
67%
Who was the first khan of the Mongol Empire? Genghis Khan
62%
Which ancient wonder of the world is still disputed to have even existed? Hanging Gardens of Babylon
57%
Where were the ten commandments given to Moses by God? Mount Sinai
41%
What was the Greek name for the old capital of Egypt? Thebes
32%
What was the name of the large Roman siege unit that fired arrow-like projectiles? Ballista
27%
What was the geological period in which the dinosaurs were made extinct? Cretaceous
23%
Who was the Roman God of the Moon? Diana
19%
What was the name of the brother of the above? Bleda
8%
No matching quizzes found
Score Distribution
Percent of People with Each Score
Percentile by Number Answered
Your Score History
You have not taken this quiz since the last reset